Philatelic Sidelines Handbook Number 2 (Record no. 2818)

000 -LEADER
fixed length control field 00939nam a22001097a 4500
008 - FIXED-LENGTH DATA ELEMENTS--GENERAL INFORMATION
fixed length control field 180820b ||||| |||| 00| 0 eng d
100 ## - MAIN ENTRY--AUTHOR'S NAME
Author's Name Larson, William
245 ## - TITLE STATEMENT
Title Philatelic Sidelines Handbook Number 2
260 ## - PUBLICATION, DISTRIBUTION, ETC. (IMPRINT)
Name of publisher, distributor, etc. Philatelic Sidelines Handbooks
500 ## - GENERAL NOTE
Materials specified The Medicine Stamps [Holcombe]; Some Curious Weeds [Stirling]; U.S. revenue Taxpaids Handbook & Catalogue: Hydrometer Labels [Larsen]; Provisional Proprietary Stamps of the United States, Part II Provisional Match Stamps [Nast]; ?Firsts? in the United States Post Office [Konweiser]; Shift Hunter Letters [C.W. Bedford records]; Philatelic Phantoms of Canada [Richardson]; A Samuel Allen Taylor Fraud that was Conterfeited [Spying Eye]; Oval ?Way? Markings [Konweiser]; Foreign Revenue Notes [Forbin]; Palestine Revenues: A Study and Listing [Larsen]; Private Express Companies
650 ## - TOPICAL TERM (Tag)
Topical term or geographic name Cinderella Material | Revenues | Locals and Private Posts | Bogus Issues | United States
Holdings
Withdrawn status Lost status Source of classification or shelving scheme Damaged status Koha normalized classification for sorting Not for loan Permanent Location Current Location Shelving location Date acquired Total Checkouts Full call number Barcode Date last seen Copy number Price effective from
        G3701 C574 L334   Northern Philatelic Library Northern Philatelic Library General Stacks 08/20/2018   G3701 C574 L334 1005204 08/20/2018 1 08/20/2018

Powered by Koha